| 000 | nam a22 7a 4500 | ||
|---|---|---|---|
| 999 |
_c330440 _d330440 |
||
| 003 | ASAB | ||
| 005 | 20170712164810.0 | ||
| 008 | 170712b xxu||||| |||| 00| 0 eng d | ||
| 040 | _cASAB | ||
| 082 | _aThesis 2016 SG | ||
| 100 |
_aSana Gul _93259 |
||
| 245 |
_aTH-PhD-Role of conserved cysteine's and methionine's in human papillomavirus-16 major capsid protein L1 _cSana Gul-sup-Dr. Aneela Javed. |
||
| 260 |
_aIslamabad. _bAtta Ur Rahman School of Applied Biosciences NUST _c2016. |
||
| 300 | _a99 P. | ||
| 630 |
_aHuman papillomavirus _93260 |
||
| 942 |
_2ddc _cTH |
||